Stations du métro parisien les plus fréquentées - Statistiques

Statistiques générales
  • Ce quiz a été pris 15 365 fois
  • Le résultat moyen est 10 sur 20
Statistiques - réponses
Fréquentation Lignes Stations % Correct
8 350 794 Ligne 1 Ligne 4 Ligne 7 Ligne 11 Ligne 14 Châtelet
91%
34 503 097 Ligne 4 Ligne 5 Gare du Nord
81%
20 407 224 Ligne 4 Ligne 6 Ligne 12 Ligne 13 Montparnasse - Bienvenüe
77%
28 640 475 Ligne 1 Ligne 14 Gare de Lyon
76%
15 538 471 Ligne 4 Ligne 5 Ligne 7 Gare de l'Est
73%
6 050 797 Ligne 1 Ligne 2 Ligne 6 Ligne 9 Nation
66%
11 079 708 Ligne 3 Ligne 5 Ligne 8 Ligne 9 Ligne 11 République
66%
33 128 384 Ligne 3 Ligne 12 Ligne 13 Ligne 14 Saint-Lazare
66%
9 256 802 Ligne 1 La Défense
56%
8 069 243 Ligne 1 Ligne 5 Ligne 8 Bastille
54%
6 318 543 Ligne 5 Ligne 10 Gare d'Austerlitz
54%
10 623 876 Ligne 4 Les Halles
52%
7 119 097 Ligne 5 Ligne 6 Ligne 7 Place d'Italie
45%
7 251 729 Ligne 1 Ligne 11 Hôtel de Ville
38%
6 345 770 Ligne 4 Ligne 8 Ligne 9 Strasbourg - Saint-Denis
32%
7 314 438 Ligne 2 Ligne 11 Belleville
29%
11 104 474 Ligne 14 Bibliothèque François-Mitterrand
29%
6 173 830 Ligne 1 Ligne 9 Franklin D. Roosevelt
27%
6 561 327 Ligne 5 Bobigny - Pablo Picasso
20%
6 158 487 Ligne 9 Mairie de Montreuil
13%
Aucun quiz correspondant
Distribution des résultats
% des personnes avec chaque résultat
Percentile par nombre de réponses
Votre historique - résultats
Vous n’avez pas pris ce quiz